Filmek és sorozatok hatása New York város turizmusára

Bibliographic Details
Main Author: Borbély Anna
Other Authors: Sipos Erika
Format: Thesis
Kulcsszavak:film
filmturizmus
New York
sorozat
turizmus
Online Access:http://dolgozattar.uni-bge.hu/59458

MARC

LEADER 00000nta a2200000 i 4500
001 dolg59458
005 20260409145104.0
008 260409suuuu hu om 000 hun d
040 |a BGE Dolgozattár Repozitórium  |b hun 
041 |a hu 
100 1 |a Borbély Anna 
245 1 0 |a Filmek és sorozatok hatása New York város turizmusára  |c Borbély Anna  |h [elektronikus dokumentum] 
520 3 |a A tanulmány bemutatja, hogyan vált New York a globális kultúra egyik legerősebb szimbólumává, és hogy a filmek és sorozatok miként formálták és népszerűsítették a város képét. Az elemzés rávilágít arra, hogyan befolyásolják a turisták élményeit a filmes alkotások, tovább erősítve New York helyét a világ legikonikusabb úti céljai között. New York meghatározó helyszíneinek népszerűsége és a média szerepe közötti kapcsolat mélyen beágyazódott a modern kultúrába, de kevés kutatás tárgyalja részletesen, hogy a filmes alkotások hogyan formálják a turisták városról alkotott képét. A média által közvetített idealizált képek nem mindig egyeznek a valósággal, ami hatással lehet a turisták elvárásaira és élményeire. Felmerül tehát a kérdés, hogy az audiovizuális médiumok milyen mértékben járulnak hozzá New York turisztikai vonzerejének növekedéséhez, és hogyan alakítják a városról alkotott globális narratívát. 
695 |a film 
695 |a filmturizmus 
695 |a New York 
695 |a sorozat 
695 |a turizmus 
700 1 |a Sipos Erika  |e ths 
856 4 0 |u http://dolgozattar.uni-bge.hu/59458/1/Borb%C3%A9ly%20Anna_Szakdolgozat.pdf  |z Dokumentum-elérés 
856 4 0 |u http://dolgozattar.uni-bge.hu/59458/2/B%C3%ADr%C3%A1lati%20lap_BSc_BA_MSc_MA_2025_Borb%C3%A9ly%20Anna.pdf  |z Dokumentum-elérés 
856 4 0 |u http://dolgozattar.uni-bge.hu/59458/3/Borb%C3%A9ly%20Anna%20konzulensi%20b%C3%ADr%C3%A1lata.pdf  |z Dokumentum-elérés